02123nas a2200241Ia 4500001001100000003001000011008004100021040002500062041001300087100001900100210001800119222001800137245015500155250001100310260004900321300001200370310001500382362003700397500064500434501011401079520064501193650004301838R130-R1570IT-CnALBA170116c99999999xx |||||||||||| ||und|| aIT-CnALBAcIT-CnALBA aITALIANO aTRESPIOLI GINO aMONDO OCCULTO aMONDO OCCULTO 0aMONDO OCCULTO. N. I-VI. ANNO XI. 1931. RIVISTA INIZIATICA ESOTERICO-SPIRITICA. OCCULTISMO RELIGIONI TELEPATI b RIVISTA INIZIATICA ESOTERICO-SPIRITICA a1a ed. aNAPOLIbPARTENOPEA SOCIETÀ EDITRICE c1931 a336 p.  aBIMESTRALE aFascicolo: 1-6 / Anno: 11 (1931) aSPIRITISMO MEDIANITÀ E SCIENZE AFFINI. INDICE DEGLI ARTICOLI CON AUTORI, INDICE ONOMASTICO DEGLI AUTORI. FILIPPO ABBIGNENTE. ABITANTI NEGLI ALTRI MONDI. ANGELO MARZORATI. L'ASTRALE DELLE COSE. CONGRESSO SPIRITICO INTERNAZIONALE DELL'AJA. FENOMENI FISICI RATTRISTANTI. GIOVANNI MEYER. PANCRISTIANESIMO E UGO JANNI. POESIA MISTICA. RABDOMANZIA. LA RISURREZIONE DI GESÙ E LO SPIRITUALISMO MODERNO. RICERCHE PSICHICHE NELLE INDAGINI DELLA POLIZIA. SACRALITÀ DELLA MORTE. ROCCO SANTOLIQUIDO. TANGANELLI ULISSE. VISTOR HUGO SPIRITISTA. RECENSIONI. BIBLIOGRAFIA. VESME C. TRESPIOLI G. TESTI G. SARNO A. RUSTICUCCI L. DURVILLE E. DE MUSIS G.  aSocietà San Paolo EM - Piazza San Paolo, 14 - 12051 ALBA (CN) (non commercial uses only) ® Copyright 2017 aSPIRITISMO MEDIANITÀ E SCIENZE AFFINI. INDICE DEGLI ARTICOLI CON AUTORI, INDICE ONOMASTICO DEGLI AUTORI. FILIPPO ABBIGNENTE. ABITANTI NEGLI ALTRI MONDI. ANGELO MARZORATI. L'ASTRALE DELLE COSE. CONGRESSO SPIRITICO INTERNAZIONALE DELL'AJA. FENOMENI FISICI RATTRISTANTI. GIOVANNI MEYER. PANCRISTIANESIMO E UGO JANNI. POESIA MISTICA. RABDOMANZIA. LA RISURREZIONE DI GESÙ E LO SPIRITUALISMO MODERNO. RICERCHE PSICHICHE NELLE INDAGINI DELLA POLIZIA. SACRALITÀ DELLA MORTE. ROCCO SANTOLIQUIDO. TANGANELLI ULISSE. VISTOR HUGO SPIRITISTA. RECENSIONI. BIBLIOGRAFIA. VESME C. TRESPIOLI G. TESTI G. SARNO A. RUSTICUCCI L. DURVILLE E. DE MUSIS G.  aPSICOLOGIA POPOL. PARAPSICOL. OCCULTIS